| 000 | 00447nam a22001697a 4500 | ||
|---|---|---|---|
| 003 | OSt | ||
| 008 | 260416b |||||||| |||| 00| 0 eng d | ||
| 082 |
_a581.2326 _bT30N |
||
| 100 | _aThakur, Mani Bhushan | ||
| 245 | _aA Non Conventional Approach for Management of Sheath Rot of Rice | ||
| 260 |
_aPusa, Samastipur _bRAU, Pusa _c2007 |
||
| 300 | _a74P. | ||
| 502 |
_bMsc. _d2007 |
||
| 650 | _aPlant Pathology | ||
| 650 | _aMsc. | ||
| 942 |
_2ddc _cT |
||
| 999 |
_c50063 _d50063 |
||